MARC

LEADER 00000nam0a2200000 4500
001 167311
005 20231101222702.0
010 |a 5288005699 
020 |a RU  |b 91-2029ж 
035 |a (RuTPU)RU\TPU\book\181509 
090 |a 167311 
100 |a 20091014a1990 k y0rusy5003 ca 
101 0 |a rus 
102 |a RU 
105 |a y z 000zy 
200 1 |a Наука и ценности. Проблемы интеграции естественнонаучного и социогуманитарного знания  |f под ред. М. С. Кагана; Б. В. Маркова 
210 |a Ленинград  |c Изд-во ЛГУ  |d 1990 
215 |a 184 с. 
225 1 |a Философские и социологические исследования  |h Вып. 26 
600 0 |a Платон  |c древнегреческий философ  |f 428/427-348/347 до н.э.  |2 stltpush  |3 (RuTPU)RU\TPU\pers\374  |9 186 
600 1 |a Хайдеггер  |b М.  |c немецкий философ  |f 1889-1976  |g Мартин  |c один из основоположников экзистенциализма  |2 stltpush  |3 (RuTPU)RU\TPU\pers\486 
610 1 |a наука 
610 1 |a ценности 
610 1 |a интеграция 
610 1 |a естественно-научные знания 
610 1 |a социогуманитарные знания 
610 1 |a философия 
610 1 |a идеология 
610 1 |a политика 
610 1 |a интеграционные процессы 
686 |a А518.1  |2 rubbk 
702 1 |a Каган  |b М. С.  |g Моисей Самойлович  |4 340 
702 1 |a Марков  |b Б. В.  |4 340 
801 0 |a RU  |b RuMRKP  |c 19950417  |g psbo 
801 1 |a RU  |b 63413507  |c 20091014 
801 2 |a RU  |b 63413507  |c 20201211  |g RCR 
942 |c BK